| 000 | 00485nam a2200193Ia 4500 | ||
|---|---|---|---|
| 003 | OSt | ||
| 005 | 20260527143841.0 | ||
| 008 | 210210b1996 xxu||||| |||| 00| 0 eng d | ||
| 040 | _cAL | ||
| 041 | _aEnglish | ||
| 082 | _a320 NANT | ||
| 100 |
_aNANJUNDASWAMY (M). _9264741 |
||
| 245 | _aText book of political science. II PUC. | ||
| 260 |
_aMadras _bSaraswati House (P) Ltd. _c1996 |
||
| 300 | _avi,194 | ||
| 690 |
_aPolitical Theory _9264742 |
||
| 906 | _a051360 | ||
| 942 |
_2ddc _cBK |
||
| 999 |
_c99608 _d99608 |
||